000 00687nam a22002175i 4500
001 12244
003 ES-MaACL
005 20250818232003.0
007 t|
008 940926s1993 sp ||||0| spa j
020 _a84-8004-100-5
040 _aM-BN
_bspa
_cM-BN
080 _a946.0
245 0 0 _aCiclo de conferencias de la Real Academia de la Historia pronunciadas en la Fundación Ramón Areces
_b: (febrero y marzo, 1992).
260 _aMadrid :
_bFundación Ramón Areces,
_cD.L. 1993.
300 _a154 p ;
_c25 cm.
651 4 _aEspaña-
_xHistoria.
_98209
710 2 _aFundación Ramón Areces
_94401
852 _aES-MaACL
_jL-19641
_bR.123954
999 _c12244
_d12244